Beyin gücü mezarlığı: Türkiye (Record no. 3412)

MARC details
000 -BAŞLIK
Sabit Uzunlukta Kontrol Alanı 00851na a2200277 4500
001 - KONTROL NUMARASI
Denetim Alanı 16354
003 - KONTROL NUMARASI IDENTIFIER
Denetim Alanı MIRAKIL
005 - SON İŞLEM TARİHİ VE ZAMANI
Denetim Alanı 20181213154930.0
008 - SABİT-BOY VERİ ELEMANLARI - GENEL BİLGİLER
Sabit Uzunlukta Kontrol Alanı 161003b tu 000 0
020 ## - ULUSLARARASI STANDART KİTAP NUMARASI
Uluslararası Standart Kitap Numarası 9786058790513
035 ## - SİSTEM KONTROL NUMARASI
Sistem Kontrol Numarası 16354
040 ## - KATALOGLAMA KAYNAK
Orijinal Kataloglama Ajansı Milas
Kataloglama Dili tur
Metne Dönüştürmek Ajansı TR-AnCHP
041 ## - DİL KODU
Metin / Ses Parça Veya Ayrı Başlığın Dil Kodu tur
082 ## - DEWEY ONLU SINIFLANDIRMA NUMARASI
Sınıflandırma Numarası 323.4409561
Ürün Numarası B39 2012
090 ## - SINIFLAMA NUMARASI
Sınıflama Numarası 323.4409561 B39 2012
245 ## - BAŞLIK TABLOSU
Başlık Beyin gücü mezarlığı: Türkiye
Sorumluluk Tablosu, Vb Mustafa Balbay...[ve öte.]
260 ## - YAYIN, DAĞITIM, VB
Yayın, Dağıtım, Vb Yeri Ankara
Yayıncı, Dağıtıcı, Vs Adı Fişek Enstitüsü Çalışan Çocuklar Bilim ve Eylem Merkezi Vakfı
Yayın, Dağıtım, Vb Tarihi 2012
300 ## - FİZİKSEL TANIM
Kapsam x, 77 s.
Boyutlar 21 sm.
490 ## - SERİSİ TABLOSU
Seri Beyanı Bilim dizisi
Hacim / Ardışık Tanımı 3
600 ## - KONU KATMA GİRİŞ - KURUMSAL ADI
Kişisel Ad Fişek, Nusret
Bir Adıyla İlişkilendirilen Tarihler 1914-1990
650 ## - KONU KATMA GİRİŞ - TOPİKAL DÖNEM
Topikal Süreli Veya Coğrafi Ad Giriş Elemanı Hak ve özgürlükler
Coğrafi Alt Bölümü Türkiye
651 ## - KONU KATMA GİRİŞ - COĞRAFİ ADI
Coğrafi İsim Türkiye
Genel Alt Bölümü Düşünce özgürlüğü
651 ## - KONU KATMA GİRİŞ - COĞRAFİ ADI
Coğrafi İsim Türkiye
Genel Alt Bölümü Eğitim sistemi
700 ## - KATMA GİRİŞ - KİŞİSEL İSİM
Kişisel Ad Balbay, Mustafa
Bir Adıyla İlişkilendirilen Tarihler 1960-
942 ## - EKLENDİ GİRİŞ ELEMANLARI (KOHA)
Sınıflandırma Veya Raf Düzeni Kaynak Dewey Decimal Classification
Koha Öğesi Türü Books
999 ## - SİSTEM KONTROL NUMARALARI (KOHA)
Koha Biblionumber 3412
Koha Biblioitemnumber 3412
Holdings
Kalıcı Konum Mevcut Konum Edinme Tarihi Edinim Kaynak Toplam Check-Out'Lar Tam Çağrı Numarası Barkod Tarih Son Görülme İtibaren Geçerli Fiyatlar Koha Öğesi Türü
CHP Kütüphanesi CHP Kütüphanesi 10/03/2016 Bağış   323.4409561 B39 2012 005203 10/03/2016 10/03/2016 Books